Tối ưu hóa quy trình chế tạo Nanocellulose từ giấy loại bằng phương pháp bề mặt đáp ứng : Luận văn tốt nghiệp Cao học. Chuyên ngành Kỹ thuật hóa học
Nghiên cứu phương pháp chế tạo nanocellulose từ giấy loại, khảo sát các yếu tố ảnh hưởng như thời gian, nhiệt độ, nồng độ NaOH, NaClO, tỉ lệ giữa khối lượng giấy/ thể tích dung dịch H2SO4, thời gian thủy phân, dựa trên phần mềm design e...
Đã lưu trong:
| Príomhúdar: | |
|---|---|
| Formáid: | Leabhar |
| Teanga: | Undetermined |
| Foilsithe: |
Cần Thơ
Trường Đại học Cần Thơ
2019
|
| Ábhair: | |
| Clibeanna: |
Cuir Clib Leis
Gan Chlibeanna, Bí ar an gcéad duine leis an taifead seo a chlibeáil!
|
| Thư viện lưu trữ: | Trung tâm Học liệu Trường Đại học Cần Thơ |
|---|
| LEADER | 01258nam a2200217Ia 4500 | ||
|---|---|---|---|
| 001 | CTU_232083 | ||
| 008 | 210402s9999 xx 000 0 und d | ||
| 082 | |a 620.115 | ||
| 082 | |b V308 | ||
| 088 | |a 8520301 | ||
| 100 | |a Nguyễn, Thanh Việt | ||
| 245 | 0 | |a Tối ưu hóa quy trình chế tạo Nanocellulose từ giấy loại bằng phương pháp bề mặt đáp ứng : | |
| 245 | 0 | |b Luận văn tốt nghiệp Cao học. Chuyên ngành Kỹ thuật hóa học | |
| 245 | 0 | |c Nguyễn Thanh Việt ; Văn Phạm Đan Thủy (Cán bộ hướng dẫn) | |
| 260 | |a Cần Thơ | ||
| 260 | |b Trường Đại học Cần Thơ | ||
| 260 | |c 2019 | ||
| 520 | |a Nghiên cứu phương pháp chế tạo nanocellulose từ giấy loại, khảo sát các yếu tố ảnh hưởng như thời gian, nhiệt độ, nồng độ NaOH, NaClO, tỉ lệ giữa khối lượng giấy/ thể tích dung dịch H2SO4, thời gian thủy phân, dựa trên phần mềm design expert. | ||
| 650 | |a Nanostructured materials,Vật liệu cấu trúc nano | ||
| 910 | |b nthai | ||
| 980 | |a Trung tâm Học liệu Trường Đại học Cần Thơ | ||